Nobility Under the Sultans of Delhi A.D. 1206-1398 (Record no. 11266)
[ view plain ]
| 000 -LEADER | |
|---|---|
| fixed length control field | 00631nam a2200253 a 4500 |
| 020 ## - INTERNATIONAL STANDARD BOOK NUMBER | |
| ISBN | |
| 082 00 - DEWEY DECIMAL CLASSIFICATION NUMBER | |
| Classification number | 954.023 |
| Author Cutter | NIG |
| 100 ## - MAIN ENTRY--AUTHOR NAME | |
| Author name | Nigam, S B P |
| 245 ## - TITLE STATEMENT | |
| Title | Nobility Under the Sultans of Delhi A.D. 1206-1398 |
| 260 ## - PUBLICATION, DISTRIBUTION, ETC. (IMPRINT) | |
| Place of publication | Delhi |
| Name of publisher | Munshiram Manoharlal Pub |
| Year of publication | 1968 |
| 300 ## - PHYSICAL DESCRIPTION | |
| Number of Pages | 223p |
| 500 ## - GENERAL NOTE | |
| General note | includes index and biblioraphy |
| 505 2# - FORMATTED CONTENTS NOTE | |
| Formatted contents note | Appendix |
| 650 ## - SUBJECT ADDED ENTRY--TOPICAL TERM | |
| Topical Term | India-History |
| 650 ## - SUBJECT ADDED ENTRY--TOPICAL TERM | |
| Topical Term | Delhi Sultanat |
| 942 ## - ADDED ENTRY ELEMENTS (KOHA) | |
| Koha item type | Books |
| 700 1# - | |
| -- | Nigam, S B P |
| Collection code | Home library | Current library | Date acquired | Cost, normal purchase price | Full call number | Accession Number | Koha item type |
|---|---|---|---|---|---|---|---|
| Henry Martyn Institute Library | Henry Martyn Institute Library | 04/03/2007 | 200.00 | 954.023 NIG | 018182 | Books |
